| 000 | 01001nam a2200241 a 4500 | ||
|---|---|---|---|
| 001 | 000043577 | ||
| 003 | DO-SdBNP | ||
| 005 | 20211115081813.0 | ||
| 008 | 110126s2014 dr a r 000 0 spa d | ||
| 040 |
_aDO-SdBNP _bspa _cBNPHU |
||
| 082 |
_a364.4097293 _bE56 |
||
| 245 | 0 | 0 |
_aEncuesta del gobierno de la seguridad en el Distrito Nacional / _cintroducción Roberto Salcedo. |
| 260 |
_aSanto Domingo : _bADN, _c2014. |
||
| 300 |
_a94 p. : _bil., gráfcs. ; _c22 cm. |
||
| 590 | _aInventariado, 2018/BT | ||
| 650 | 4 |
_aInseguridad (problema social) _zSanto Domingo (República Dominicana) _xEncuestas _971394 |
|
| 650 | 4 |
_aCrimen _xPrevención _zSanto Domingo (República Dominicana) _xEncuestas _971395 |
|
| 650 | 4 |
_aViolencia _zSanto Domingo (República Dominicana) _xEncuestas _971396 |
|
| 700 | 1 | 2 |
_aSalcedo Gavilán, Roberto, _epról. _96509 |
| 710 | 2 | 2 |
_aSANTO DOMINGO (DISTRITO NACIONAL). _bAyuntamiento del Distrito Nacional. _971397 |
| 910 | _aValidado. Control de calidad. MFF | ||
| 942 |
_2ddc _cLBS1 |
||
| 999 |
_c43066 _d43066 |
||